Digital logic design / (Record no. 182383)

000 -LEADER
fixed length control field 01336 a2200253 4500
003 - CONTROL NUMBER IDENTIFIER
control field Nust
005 - DATE AND TIME OF LATEST TRANSACTION
control field 20221202120255.0
010 ## - LIBRARY OF CONGRESS CONTROL NUMBER
LC control number 2005279300
020 ## - INTERNATIONAL STANDARD BOOK NUMBER
International Standard Book Number 0750645822 (pbk.)
040 ## - CATALOGING SOURCE
Transcribing agency Nust
082 ## - DEWEY DECIMAL CLASSIFICATION NUMBER
Classification number 621.38153,HOL
100 1# - MAIN ENTRY--PERSONAL NAME
Personal name Holdsworth, B.
9 (RLIN) 65867
245 10 - TITLE STATEMENT
Title Digital logic design /
Statement of responsibility, etc. B. Holdsworth and R.C. Woods.
250 ## - EDITION STATEMENT
Edition statement 2nd ed. /
260 ## - PUBLICATION, DISTRIBUTION, ETC.
Place of publication, distribution, etc. Oxford ;
-- Boston :
Name of publisher, distributor, etc. Newnes,
Date of publication, distribution, etc. 2002.
300 ## - PHYSICAL DESCRIPTION
Extent xi, 519 p. :
Other physical details ill. ;
Dimensions 25 cm.
505 ## - FORMATTED CONTENTS NOTE
Formatted contents note Boolean Algebra (Page-1),Karnaugh Maps and Function Simplification (Page-16), NAND and NOR Logic (Page-49), Combinational Logic Design (Page-70), Single—Bit Memory Elements (Page-91), Counters (Page-113), Shift Register Counters and Generators (Page-143), Clock-Driven Sequential Circuits (Page-170), Event-Driven Circuits (Page-208), Digital Deign with MSI (Page-233), Arithmetic Circuits (Page-270), Hazards (Page-314), Faults Diagrams in Combinational Circuits (Page-336), Coding System for Error Control (Page-385).
650 #0 - SUBJECT ADDED ENTRY--TOPICAL TERM
Topical term or geographic name entry element Logic design.
9 (RLIN) 17983
650 #0 - SUBJECT ADDED ENTRY--TOPICAL TERM
Topical term or geographic name entry element Telecommunication Engineering
700 1# - ADDED ENTRY--PERSONAL NAME
Personal name Woods, R. C.
9 (RLIN) 104006
856 42 - ELECTRONIC LOCATION AND ACCESS
Materials specified Publisher description
Uniform Resource Identifier <a href="http://www.loc.gov/catdir/enhancements/fy0626/2005279300-d.html">http://www.loc.gov/catdir/enhancements/fy0626/2005279300-d.html</a>
856 42 - ELECTRONIC LOCATION AND ACCESS
Materials specified Table of contents only
Uniform Resource Identifier <a href="http://www.loc.gov/catdir/enhancements/fy0626/2005279300-t.html">http://www.loc.gov/catdir/enhancements/fy0626/2005279300-t.html</a>
942 ## - ADDED ENTRY ELEMENTS (KOHA)
Source of classification or shelving scheme
Koha item type Book
Holdings
Withdrawn status Lost status Source of classification or shelving scheme Damaged status Not for loan Permanent Location Current Location Shelving location Date acquired Full call number Barcode Date last seen Price effective from Koha item type Public note
          Military College of Signals (MCS) Military College of Signals (MCS) General Stacks 12/12/2016 621.38153,HOL MCS6767 12/08/2016 12/12/2016 Book Almirah No.34, Shelf No.2
© 2023 Central Library, National University of Sciences and Technology. All Rights Reserved.